Guess the Language - How Far I'll Go (Moana) - Extended - Statistics

General Stats
  • This quiz has been taken 25 times
  • The average score is 23 of 40
Answer Stats
Hint Answer % Correct
منذ كنت طفلة كان يأسر Arabic
92%
하라는 대로 가라는 대로 Korean
88%
How far I'll go! English
83%
Mas sempre volto pra águam, Portuguese
83%
แม้ไม่รู้เลยว่าทำไม Thai
83%
כל שאי שם זוכרת Hebrew
79%
Daar waar ik wil zijn! Dutch
75%
मिल जाए Hindi
75%
Aν θα την βρω! Greek
71%
追い風受け漕ぎ出してきっと! Japanese
71%
Исках да съм най-добра във всичко, Bulgarian
67%
路途遇急彎,也入過溪間 Cantonese
67%
Mais tous ignorent... French
67%
Komm doch zu mir! German
67%
Sama hvað ég berst gegn því... Icelandic
67%
Dobrze wiem, że to światło woła mnie, Polish
67%
Будем процветать мы из года в год. Russian
67%
Mi voz interior canta otra canción, Spanish
67%
Når jeg ved, Danish
63%
Ki te tānga-o-taku-manawa rā Māori
63%
Og gi meg svar! Norwegian
63%
Chẳng ai biết đâu Vietnamese
63%
Ser ett ljus ifrån himmel och hav... Swedish
58%
Mitä piilottaa taivas rannan taa! Finnish
54%
Dacă plec n-am cum să știu unde am plecat! Romanian
54%
Nebe, pás vodu dál objímá Czech
50%
És hogy mennyire messzire visz, az sem számít! Hungarian
50%
Бірақ аралдан қалай кетемін ? Kazakh
50%
Saor faoin ghréin? Irish
46%
Guidarmi... Italian
46%
Aj ty sám dobre vieš to, tú svoju správne zvládnem snáď Slovak
46%
Cкончу гэты бой Belarusian
42%
Jo sé que tothom en aquesta illa Catalan
42%
‘Ike ‘ole nō Hawaiian
42%
யார் அறிவாரோ? Tamil
42%
Varırım ben, Turkish
33%
Lihatlah ufuk yang menyeru... Malay
29%
Mis mul viga on? Estonian
25%
Diriku! Indonesian
17%
Ra’ atira ti’a mau, arata’ i mau ā Tahitian
17%
No matching quizzes found
Score Distribution
Percent of People with Each Score
Percentile by Number Answered
Your Score History
You have not taken this quiz